Normal view
MARC view
- Armamen and History
Entry Topical Term
001 - CONTROL NUMBER
- control field: 108242
003 - CONTROL NUMBER IDENTIFIER
- control field: NUST
005 - DATE AND TIME OF LATEST TRANSACTION
- control field: 20230131133058.0
008 - FIXED-LENGTH DATA ELEMENTS
- fixed length control field: 230131|| aca||aabn | a|a d
040 ## - CATALOGING SOURCE
- Original cataloging agency: NUST
- Transcribing agency: NUST
150 ## - HEADING--TOPICAL TERM
- Topical term or geographic name entry element: Armamen and History
670 ## - SOURCE DATA FOUND
- Source citation: Work cat.: (NUST)187247: Fuller, J.F.C 37121, Armament and History /, 1946
